LEADER 01259nam0-22003371i-450- 001 990001457990403321 005 20001010 010 $a72048235 6 035 $a000145799 035 $aFED01000145799 035 $a(Aleph)000145799FED01 035 $a000145799 100 $a20000920d1972----km-y0itay50------ba 101 0 $aeng 102 $aNL 105 $aa---a---001yy 200 1 $aAlgal Vegetation-Types along the Shores of Inner Bays and Lagoons of Curacao, and of the Lagoon Lac (Bonaire) Netherlands Antilles$fC. Van Den Hoek, F. Colijn, A.M. Cortel-Breeman and J.B.W. Wanders 210 $aAmsterdam$cNorth-Holland Publishing Company$d1972 215 $a72 p.$d27 cm 225 1 $aVerhandelingen der koninklijke Nederlandse Akademie van wetenschappen, AFD. natuurkunde. Tweede reeks, deel 61$v2 610 0 $aAlgologia 700 1$aHoek,$bChristiaan : van den$063970 702 1$aColijn,$bF. 702 1$aCortel Breeman,$bA.M. 801 0$aIT$bUNINA$gRICA$2UNIMARC 901 $aBK 912 $a990001457990403321 952 $a12 V 2 (61/2$b$fDBV 959 $aDBV 996 $aAlgal Vegetation-Types along the Shores of Inner Bays and Lagoons of Curacao, and of the Lagoon Lac (Bonaire) Netherlands Antilles$9379794 997 $aUNINA LEADER 00950nam0 22002651i 450 001 SUN0027504 005 20050204120000.0 010 $a06-311-6211-9 100 $a20041110d1997 |0engc50 ba 101 $aeng 102 $aGB 105 $a|||| ||||| 200 1 $aˆA ‰Companion et ethics$fedited by Peter Singer 210 $aOxford$cBlackwell$dc1997 215 $aXXII, 565 p.$d25 cm. 606 $aEtica$2FI$3SUNC011152 620 $aGB$dOxford$3SUNL000020 702 1$aSinger$b, Peter$3SUNV000842 712 $aBlackwell$3SUNV000122$4650 801 $aIT$bSOL$c20181109$gRICA 912 $aSUN0027504 950 $aUFFICIO DI BIBLIOTECA DEL DIPARTIMENTO DI GIURISPRUDENZA$d00 CONS XXI.Dd.86 $e00 21243 995 $aUFFICIO DI BIBLIOTECA DEL DIPARTIMENTO DI GIURISPRUDENZA$h21243$kCONS XXI.Dd.86$op$qa 996 $aCompanion et ethics$91431378 997 $aUNICAMPANIA LEADER 02985 am 2200853 n 450 001 9910491050603321 005 20240104030734.0 010 $a88-7885-907-9 010 $a88-7885-905-2 024 7 $a10.4000/books.res.7345 035 $a(CKB)5590000000461033 035 $a(FrMaCLE)OB-res-7345 035 $a(PPN)256384320 035 $a(EXLCZ)995590000000461033 100 $a20210609j|||||||| ||| 0 101 0 $aita 135 $auu||||||m|||| 200 02$aL'archetipo cieco$fFederico Vercellone 210 $aTorino$cRosenberg & Sellier$d2021 215 $a1 online resource (224 p.) 311 $a88-7885-904-4 330 $aL?idea che attraversa questo libretto è che la modernità possa essere intesa come l?età dell?archetipo cieco. Questo non significa affatto che si abbia a che fare con un tempo davvero moderno secondo la vulgata più corriva, con un?età cioè che funziona proprio perché ha rinunziato a ogni arcaismo. Si tratta bensì di un?epoca nevrotica che vive di e in ciò che manca e al quale non ha più accesso. Né l?archetipo la illumina, né essa riesce a trovare da sola le risorse per far luce. Esso si trasforma oggi in un pullulare di icone instabili che non riescono, se non per tempi brevissimi, a divenire dei modelli. Il mercato ha stravolto l?archetipo, producendone mille e mille, ma non ne ha messo a tacere la fascinazione che anzi si è fatta sempre più influente e suggestiva. 517 $aArchetipo cieco 517 $aL'archetipo cieco 606 $aPhilosophy 606 $aarchetipo 606 $amodernità 606 $afilosofia estetica 606 $aKiefer 606 $aBoltanski 606 $aHegel 606 $aPareyson 606 $aBreidbach 606 $anichilismo 606 $ateologia politica 606 $aciviltà dell'immagine 606 $aermeneutica 606 $aNuovo Romanticismo 606 $aarchetype 606 $amodernity 606 $aaesthetic philosophy 606 $anihilism 606 $apolitical theology 606 $aimage civilization 606 $ahermeneutics 606 $aNew Romanticism 615 4$aPhilosophy 615 4$aarchetipo 615 4$amodernità 615 4$afilosofia estetica 615 4$aKiefer 615 4$aBoltanski 615 4$aHegel 615 4$aPareyson 615 4$aBreidbach 615 4$anichilismo 615 4$ateologia politica 615 4$aciviltà dell'immagine 615 4$aermeneutica 615 4$aNuovo Romanticismo 615 4$aarchetype 615 4$amodernity 615 4$aaesthetic philosophy 615 4$anihilism 615 4$apolitical theology 615 4$aimage civilization 615 4$ahermeneutics 615 4$aNew Romanticism 700 $aVercellone$b Federico$0157432 801 0$bFR-FrMaCLE 906 $aBOOK 912 $a9910491050603321 996 $aL'archetipo cieco$93658761 997 $aUNINA LEADER 02175oam 2200505 c 450 001 9910563034103321 005 20250513223435.0 024 7 $a10.3726/b12481 035 $a(CKB)4340000000238717 035 $a(oapen)https://directory.doabooks.org/handle/20.500.12854/32591 035 $a(PH02)9783954792719 035 $a(oapen)doab32591 035 $a(EXLCZ)994340000000238717 100 $a20240525d1982 uy 0 101 0 $ager 135 $aurnnunnnannuu 181 $ctxt$2rdacontent 182 $cc$2rdamedia 183 $acr$2rdacarrier 200 10$aMaksimilian Volos?in als Künstler und Kritiker$fClaudia Wallrafen 205 $a1st, New ed. 210 $aFrankfurt a.M$cPH02$d1982 215 $a1 online resource (273 p.)$c, EPDF 225 0 $aSlavistische Beitra?ge$v153 300 $aPeter Lang GmbH, Internationaler Verlag der Wissenschaften 311 08$a3-95479-271-0 327 $aDas Leben Maksimilian Volos?ins (1877 - 1932) - Der Symbolismus als europa?ische Stro?mung - Kunst- und Schaffensa?sthetik - Das dichterische Werk - Volos?in und Henri Bergson - Traum und Wille als Kunstprinzipien - Die Kunst des U?bersetzens 330 $aDas Werk Volos?ins umfaßt Gedichte, U?bersetzungen deutscher und franzo?sischer Literatur, Artikel und Rezensionen zu Fragen der Literatur und Kunst, Essays sowie - wenn man den Sektor der Malerei miteinbeziehen will - eine große Anzahl von Aquarellen. Anerkannt von seinen Zeitgenossen, geriet Volos?in in den Jahren 1920-1950 in Vergessenheit. Erst in den sechziger Jahren begann das Interesse an seiner Person wieder zu wachsen. 606 $aLiterature & literary studies$2bicssc 610 $aBiographie 610 $aKritiker 610 $aKünstler 610 $aMaksimilian 610 $aRussland 610 $aSlavische Sprachwissenschaft 610 $aVolo?in 610 $aWallrafen 615 7$aLiterature & literary studies 700 $aWallrafen$b Claudia$4aut$0687112 801 0$bPH02 801 1$bPH02 906 $aBOOK 912 $a9910563034103321 996 $aMaksimilian Volosin als Künstler und Kritiker$91272425 997 $aUNINA LEADER 02466oam 2200505Mn 450 001 9910597130103321 005 20260304110030.0 010 $a1-003-69574-4 024 7 $a10.5117/9789463723756 035 $a(CKB)5600000000508738 035 $a(oapen)https://directory.doabooks.org/handle/20.500.12854/92587 035 $a(oapen)doab92587 035 $a(OCoLC)1543523200 035 $a(OCoLC-P)1543523200 035 $a(FlBoTFG)9781003695745 035 $a(ODN)ODN0012396342 035 $a(EXLCZ)995600000000508738 100 $a20251008d2025 uy 0 101 0 $aeng 135 $aurmn|---annan 181 $ctxt$2rdacontent 182 $cc$2rdamedia 183 $acr$2rdacarrier 200 00$aFlavian responses to Nero's Rome /$fedited by Mark Heerink and Esther Meijer 210 $a[S.l.] $cROUTLEDGE$d2025 215 $a1 online resource (372 p.) 311 08$a94-6372-375-7 330 $aIn this interdisciplinary volume, a team of classicists, historians, and archaeologists examines how the memory of the infamous emperor Nero was negotiated in different contexts and by different people during the ensuing Flavian age of imperial Rome. The contributions show different Flavian responses to Nero's complicated legacy: while some aspects of his memory were reinforced, others were erased. Emphasizing the constant and diverse nature of this negotiation, this book proposes a nuanced interpretation of both the Flavian age itself and its relation to Nero's Rome. By combining the study of these strategies with architectural approaches, archaeology, and memory studies, this volume offers a multifaceted picture of Roman civilization at a crucial turning point, and as such will have something to offer anyone interested in classics, (ancient) history, and archaeology. 606 $aEuropean history$2bicssc 606 $aHistory of architecture$2bicssc 606 $aHistory of art / art & design styles$2bicssc 607 $aRome$xHistory$yFlavians, 69-96 610 $aImperial Rome, Flavian dynasty, classics, ancient history 615 7$aEuropean history 615 7$aHistory of architecture 615 7$aHistory of art / art & design styles 676 $a937.07 701 $aHeerink$b Mark$0765671 701 $aMeijer$b Esther$01877077 801 0$bOCoLC-P 801 1$bOCoLC-P 906 $aBOOK 912 $a9910597130103321 996 $aFlavian responses to Nero's Rome$94489084 997 $aUNINA LEADER 04172oam 2201057 c 450 001 9910642295803321 005 20260302090207.0 010 $a9783839454725 010 $a3839454727 024 7 $a10.14361/9783839454725 035 $a(CKB)4100000011805314 035 $a(DE-B1597)567103 035 $a(OCoLC)1243550073 035 $a(DE-B1597)9783839454725 035 $a(MiAaPQ)EBC6521226 035 $a(Au-PeEL)EBL6521226 035 $a(transcript Verlag)9783839454725 035 $a(ScCtBLL)a8ea4553-e6c4-4b02-a056-e5cc6668d83d 035 $a(Perlego)1944062 035 $a(EXLCZ)994100000011805314 100 $a20260302d2021 uy 0 101 0 $ager 135 $aur||||||||||| 181 $ctxt$2rdacontent 182 $cc$2rdamedia 183 $acr$2rdacarrier 200 10$aGefragt durch Andere$eÜber digitale Vernetzung, Wertschöpfung, Pathos & Identität$fPaul Helfritzsch 205 $a1st ed. 210 $aBielefeld$ctranscript Verlag$d2021 215 $a1 online resource (206 p.) 225 0 $aEdition Moderne Postmoderne 311 08$a9783837654721 311 08$a3837654729 327 $tFrontmatter -- $tInhalt -- $tDanke! -- $tEinleitung: Trotz, Verausgabung, Aufstand & Ungerechtigkeit -- $tDurchgefragt zu Anderen. Die Wehrhaftigkeit des Pluralismus -- $tVermittelt durcheinander. (Digitale) Netze aus Konsum und geronnener Transparenz -- $tMehr Werte für wen? Mehrwert durch wen? Ein Wert fürs Leben? -- $tErlittene Subjektivität: Unterwerfung, Beleidigung, Verantwortung -- $tDie Manifestation der Unterschiede. Oder: Worauf antwortet die Frage nach dem »Wer«? -- $tLiteraturverzeichnis 330 $aNichts überdauert ohne Wiederholung ? nichtsdestotrotz, die Essays in diesem Buch zeigen, dass das Bestehende in seiner Wiederholung verändert werden kann, es sogar verändert werden muss. Die Texte unternehmen kritische Beschreibungen des Bestehenden. Sie behandeln das Ausbeutungssystem des Kapitalismus, die damit verbundene Unterdrückung und Überforderung des Subjekts und nicht zuletzt die Zurückweisung von Identität als Konzept der Privilegierten, das notwendigerweise Ausgrenzung erzeugt und verstetigt. 330 1 $aBesprochen in:www.socialnet.de, 29.03.2022, Martin Schwarz 330 1 $a»Überaus lesenswert und erfrischend [...], ist die Ablehnung einer verobjektivierenden Distanznahme.« 410 0$aEdition Moderne Postmoderne 517 2 $aHelfritzsch, Gefragt durch Andere$eÜber digitale Vernetzung, Wertschöpfung, Pathos & Identität 606 $aAlterity 606 $aAlterität 606 $aCriticism of Capitalism 606 $aKapitalismuskritik 606 $aIdentität 606 $aIdentity 606 $aSozialphilosophie 606 $aSocial Philosophy 606 $aDigitalisierung 606 $aDigitalization 606 $aSozialität 606 $aSocial Relations 606 $aMensch 606 $aHuman 606 $aNeoliberalismus 606 $aNeoliberalism 606 $aPost-structuralism 606 $aPoststrukturalismus 606 $aPhänomenologie 606 $aPhenomenology 606 $aPhilosophie 606 $aPhilosophy 615 4$aAlterity 615 4$aAlterität 615 4$aCriticism of Capitalism 615 4$aKapitalismuskritik 615 4$aIdentität 615 4$aIdentity 615 4$aSozialphilosophie 615 4$aSocial Philosophy 615 4$aDigitalisierung 615 4$aDigitalization 615 4$aSozialität 615 4$aSocial Relations 615 4$aMensch 615 4$aHuman 615 4$aNeoliberalismus 615 4$aNeoliberalism 615 4$aPost-structuralism 615 4$aPoststrukturalismus 615 4$aPhänomenologie 615 4$aPhenomenology 615 4$aPhilosophie 615 4$aPhilosophy 686 $aMS 1290$qSEPA$2rvk 700 $aHelfritzsch$b Paul$p

Paul Helfritzsch, Universität Wien, Österreich

$4aut$01276726 801 0$bDE-B1597 801 1$bDE-B1597 906 $aBOOK 912 $a9910642295803321 996 $aGefragt durch Andere$93008775 997 $aUNINA